Жилищные споры; Комментарий законодательства. Адвокатская и судебная практика. Образцы исковых заявлений и жалоб

Detalles Bibliográficos
Autor Principal: Данилов Е. П. Евгений Петрович
Idioma:ruso
Publicado: Москва, Право и Закон, 2001
Edición:4-е изд.
Series:Справочник адвоката
Subjects:
Formato: Libro
KOHA link:https://koha.lib.tpu.ru/cgi-bin/koha/opac-detail.pl?biblionumber=39699

MARC

LEADER 00000nam0a2200000 4500
001 39699
005 20231031011625.0
010 |a 5785800594 
035 |a (RuTPU)RU\TPU\book\40572 
090 |a 39699 
100 |a 20020411d2001 m a0rusy50 ca 
101 0 |a rus 
102 |a RU 
105 |a y n 001zy 
200 1 |a Жилищные споры  |a Комментарий законодательства. Адвокатская и судебная практика. Образцы исковых заявлений и жалоб  |f Е. П. Данилов 
205 |a 4-е изд. 
210 |a Москва  |c Право и Закон  |d 2001 
215 |a 400 с. 
225 1 |a Справочник адвоката 
320 |a Библиогр.: с. 395 
610 1 |a гражданское право 
610 1 |a жилищное право 
610 1 |a жилищные споры 
610 1 |a исковые заявления 
610 1 |a жалобы 
610 1 |a образцы 
610 1 |a обмен 
610 1 |a наём 
610 1 |a приватизация 
610 1 |a жилищные кооперативы 
610 1 |a прописка 
686 |a Х623.211.33  |v LBC/SL-A  |2 rubbk 
700 1 |a Данилов  |b Е. П.  |g Евгений Петрович 
801 1 |a RU  |b 63413507  |c 20020411  |g PSBO 
801 2 |a RU  |b 63413507  |c 20131107  |g PSBO 
942 |c BK